| 000 | 00747nam a2200217Ia 4500 | ||
|---|---|---|---|
| 008 | 191130s2002##################000#0#eng## | ||
| 020 | _a9780520229594 | ||
| 022 | _a2001035872 | ||
| 040 |
_aACL _cACL |
||
| 082 | _a984.12 ORL | ||
| 100 | _aOrlove, Benjamin S | ||
| 245 |
_aLines in the water : nature and culture at Lake Titicaca _cBen Orlove |
||
| 260 |
_aBerkeley _bUniversity of California Press _cc2002 |
||
| 300 | _axxvii, 287 p. : ill., maps ; 24 cm | ||
| 500 | _aIncludes index | ||
| 650 | _aTiticaca, Lake, Region (Peru and Bolivia) - Description and travel | ||
| 650 | _aTiticaca, Lake, Region (Peru and Bolivia) - Social life and customs | ||
| 990 | _a5eb47254ac10000c36b1d060a77c9892 | ||
| 991 | _a304626 | ||
| 999 |
_c233349 _d233349 |
||